000
00270nam a22001097a 4500
008
160613b xxu||||| |||| 00| 0 eng d
020
_a
0323001505
041
_a
eng
080
_a
618.2
245
_a
Nursing care of infanrts and children:
_c
Donna L. Wong;
942
_2
udc
_c
BK
999
_c
2480
_d
2480